| 000 | 00652nam a2200217 a 4500 | ||
|---|---|---|---|
| 001 | 1605 | ||
| 003 | CDMR | ||
| 005 | 20131203160726.0 | ||
| 008 | 130130s1972||||||||||||||||||||||||||||d | ||
| 040 |
_aCDMR _bcat _cCPC GIRONA |
||
| 100 | 1 |
_aCasasús, Josep Maria _9799 |
|
| 245 | 1 | 0 |
_aIdeología y análisis de medios de comunicación _cJosep M. Casasus |
| 250 | _a1a ed. | ||
| 260 |
_c1972 _bDopesa _aBarcelona |
||
| 300 | _a184 p. | ||
| 490 |
_aDocumento periodístico _v34 |
||
| 650 | 0 | 4 |
_9405 _aMitjans de comunicació de massa |
| 650 | 0 | 4 |
_93284 _aComunicació _xInvestigació |
| 650 | 0 | 4 |
_94097 _aAnàlisi de contingut (Comunicació) |
| 942 |
_cMON _2ddc |
||
| 999 |
_c1605 _d1605 |
||